Govt. of
Madhya Pradesh

4th National Conference on Library Vision 2020: Profession & Education (Record no. 52646)

MARC details
000 -LEADER
fixed length control field 00446nam a22001697a 4500
003 - CONTROL NUMBER IDENTIFIER
control field MACL
005 - DATE AND TIME OF LATEST TRANSACTION
control field 20160116144730.0
008 - FIXED-LENGTH DATA ELEMENTS--GENERAL INFORMATION
fixed length control field 160116b xxu||||| |||| 00| 0 eng d
040 ## - CATALOGING SOURCE
Transcribing agency MACL
041 ## - LANGUAGE CODE
Language code of text/sound track or separate title English
082 ## - DEWEY DECIMAL CLASSIFICATION NUMBER
Classification number 020/SIN
100 ## - MAIN ENTRY--PERSONAL NAME
Personal name Singh V.P
9 (RLIN) 32905
245 ## - TITLE STATEMENT
Title 4th National Conference on Library Vision 2020: Profession & Education
260 ## - PUBLICATION, DISTRIBUTION, ETC. (IMPRINT)
Place of publication, distribution, etc. Dehradun
Name of publisher, distributor, etc. Vani Printers
Date of publication, distribution, etc. 2009
650 ## - SUBJECT ADDED ENTRY--TOPICAL TERM
Topical term or geographic name as entry element Library
9 (RLIN) 32906
942 ## - ADDED ENTRY ELEMENTS (KOHA)
Source of classification or shelving scheme
Koha item type Books
Holdings
Withdrawn status Lost status Source of classification or shelving scheme Damaged status Not for loan Home library Current library Date acquired Cost, normal purchase price Total Checkouts Full call number Barcode Date last seen Date last checked out Price effective from Koha item type
          MACL MACL 16/01/2016 850.00 1 020/SIN CRE026654 02/05/2024 04/03/2018 16/01/2016 Books